01172nam a22003377a 4500003000900000005001700009007000300026008002900029020001800058040003300076082002700109100005800136245014100194250001200335260000600347264004000353300004900393336002700442337003500469338003000504490002700534500002400561521002600585650002700611650002500638650003000663650002800693650002400721700004600745700004300791DO-SdBPM20260525101938.0ta1607181998 sp a spa d a8439289464c  aDO-SdBPMbspacBPMSUerdad 04a372.21bC236a 19982221 aCapdevila Blanco, Franciscod1926-1995eautor 4aut. 10a¿A qué se parece ?/cFrancisco Capdevila Blanco ; asesores pedagógicos Juan Carlos Carrascosa Calpena, Agustín Berrueta Jiménez a4a. ed. c  aMadrid : bEdiciones Gaviota,c1998 a[24] páginas :bilustraciones ;c21 cm.  atextobtxt2rdacontent asin mediación bn2rdamedia  avolumen bnc2rdacarrier 0 aNene, Nena y Guau,v29 aHasta los 6 años  aA partir de 6 años. 7aEducación preescolar 7a Jardines infantiles 7aDidáctica pedagógica  7a Psicología educativa 7aLiteratura infantil1 aCarrascosa Calpena, Juan Carlose asesor 1 aBerrueta Jiménez, Agustíneasesor